000
00284nam a2200109Ia 4500
008
190216s9999||||xx |||||||||||||| ||und||
100
_a
Paniker K G K
245
0
_a
Malayalam-General-Samoohya Manashashthra Praveshika
260
_b
Vidyarthimithram
650
_a
Malayalam
942
_c
BK
999
_c
26277
_d
26277